000 00667nam a22001817a 4500
003 BUBTL
008 190410b xxu||||| |||| 00| 0 eng d
020 _a987-984-401-736-8
082 _a954.92 / AZA
100 _92272
_aআজাদ, হুমায়ুন
245 _aআমরা কি এই বাঙলাদেশ চেয়েছিলাম /
_cহুমায়ুন আজাদ
260 _aঢাকা :
_bআগামী প্রকাশনী,
_cc2003
300 _a120 p. :
_c22 cm.
650 0 _91755
_aমুক্তিযুদ্ধ
856 _k0
_l0
_yDownload
942 _2ddc
_cBK
999 _c5969
_d5969